000
00208nam a22000977a 4500
082
_a
799.1 FRE'S
245
_a
FRESH WATER FISHING METHODS
260
_a
NEWYORK
_b
COLLIER
_c
1950
300
_a
124P
942
_c
BK
999
_c
584878
_d
584878